<?xml version="1.0" encoding="UTF-8"?>
<marc:record xmlns:marc="http://www.loc.gov/MARC21/slim">
   <marc:leader>00000nam a2200000 a 4500</marc:leader>
   <marc:datafield ind1="0" ind2="0" tag="245">
      <marc:subfield code="a">CoComelon - mit JJ durch den Tag [Tonie]</marc:subfield>
   </marc:datafield>
   <marc:datafield ind1="0" ind2="0" tag="245">
      <marc:subfield code="b">Musik ab 1 Jahr</marc:subfield>
   </marc:datafield>
   <marc:datafield ind1=" " ind2="1" tag="264">
      <marc:subfield code="a">2026</marc:subfield>
      <marc:subfield code="b">Tonies GmbH</marc:subfield>
      <marc:subfield code="c">2026</marc:subfield>
   </marc:datafield>
   <marc:datafield ind1="1" ind2=" " tag="520">
      <marc:subfield code="a">Spiel und Spaß mit CoComelon! Der liebste Vorschüler aller ist zurück – mit einer ganzen Sammlung an Liedern, die zum Mitmachen und Mitwippen einladen.&#xD;
Begleite JJ sowie seine Freunde und Familie durch den Tag – vom fröhlichen Spiel über gemeinsames Essen bis hin zu Aufräumen, Ruhepausen und ausgelassenem Toben. &#xD;
Für jeden Moment des Tages gibt es das passende Lied.&#xD;
CoComelon begeistert mit lehrreichen und fröhlichen Songs, die zum Spielen animieren und für gute Laune sorgen. Die eingängigen Melodien und lustigen Texte begeistern selbst die kleinsten Hörer und Hörerinnen.</marc:subfield>
   </marc:datafield>
   <marc:datafield ind1="3" ind2=" " tag="024">
      <marc:subfield code="a">4251192172501</marc:subfield>
   </marc:datafield>
   <marc:datafield ind1=" " ind2=" " tag="338">
      <marc:subfield code="a">Gegenstand</marc:subfield>
   </marc:datafield>
</marc:record>
